000 00761nam a22002417a 4500
001 32718
003 UA-OsUOA
005 20220704232649.0
007 ta
008 20050210b un ||||| |||| 00| 0 ukr d
040 _aUA-OsUOA
_brus
_cUA-OsUOA
_dUA-OsUOA
041 _arus
044 _aRU
080 _a821.161.1
090 _a821.161.1
_bЛ49
100 _aЛермонтов М.
245 _aСтихотворения. Поэмы. Маскарад. Герей нашего времени
_cМ. Лермонтов ; вступ. статья И. Андронников
260 _aМосква
_bХудожественная литература
_c1972
300 _a768 с.
_bІлюстрації
650 7 _2UDC
942 _cBK
_2udc
955 _a0
999 _c319169
_d319169